MARC

Tag First Indicator Second Indicator Subfields
LEADER 00000cam a2200000 4500
001 in00000096813
005 20150925090427.0
008 690702s1968 dcua b 00010 eng
010 |a  70601530  
035 |a (OCoLC)00014570 
035 |9 AAL2526AM 
037 |c 2.60 
040 |a DLC  |c DLC  |d TXA  |d UtOrBLW 
049 |a TXAM  |c [434098] 
050 0 0 |a TE270  |b .M18 
082 0 |a 625.8/5 
100 1 |a Majidzadeh, Kamran. 
245 1 0 |a State of the art: effect of water on bitumen-aggregate mixtures /  |c [by] Kamran Majidzadeh and Frederick N. Brovold. 
264 1 |a Washington :  |b Highway Research Board, National Research Council,  |c 1968. 
300 |a 77 pages :  |b illustrations ;  |c 25 cm. 
336 |a text  |b txt  |2 rdacontent 
337 |a unmediated  |b n  |2 rdamedia 
338 |a volume  |b nc  |2 rdacarrier 
490 1 |a HRB special report 98 
490 1 |a National Research Council. Publication no. 1456 
500 |a Sponsored by the Committee on Effects of Natural Elements and Chemicals on Bitumen-Aggregate Combinations. 
504 |a Bibliography: pages 62-77. 
650 0 |a Pavements, Bituminous. 
650 0 |a Bituminous materials  |x Testing. 
700 1 |a Brovold, Frederick N. 
710 2 |a National Research Council (U.S.).  |b Highway Research Board.  |b Committee on Effects of Natural Elements and Chemicals on Bitumen-Aggregate Combinations. 
830 0 |a Special report (National Research Council (U.S.). Highway Research Board) ;  |v 98. 
830 0 |a Publication (National Research Council (U.S.)) ;  |v no. 1456. 
999 |a MARS 
999 f f |s f9dab2a6-925c-3a2a-87ba-264af909893b  |i 0ca42de4-54ef-3d02-b241-23e79a278706  |t 0 
952 f f |p normal  |a Texas A&M University  |b College Station  |c Sterling C. Evans Library  |d Evans: Library Stacks  |t 0  |e TE270 .M18  |h Library of Congress classification  |i unmediated -- volume  |m A14805389676 
998 f f |a TE270 .M18  |t 0  |l Evans: Library Stacks